Estadísticas para Capitales Mundiales por las Primeras 2 Letras en 90 Segundos

Haz click aquí para intentar la prueba.

Estadísticas generales

  • Esta prueba ha sido intentada 23.257 veces
  • La puntuación promedio es 104 de 196

Estadísticas de respuestas

PaísCiudad Capital% Correcto
EspañaMadrid
91%
Islas MarshallMajuro
91%
Guinea EcuatorialMalabo
91%
MaldivasMalé
91%
NicaraguaManagua
91%
BaréinManama
91%
FilipinasManila
91%
MozambiqueMaputo
91%
OmánMascate
91%
LesothoMaseru
91%
LíbanoBeirut
90%
SerbiaBelgrado
90%
BeliceBelmopán
90%
AlemaniaBerlín
90%
SuizaBerna
90%
PanamáCiudad de
Panamá
90%
RumaníaBucarest
86%
HungríaBudapest
86%
ArgentinaBuenos Aires
86%
MaltaLa Valeta
85%
GabónLibreville
83%
MalauiLilongüe
83%
PerúLima
83%
PortugalLisboa
83%
EsloveniaLiubliana
83%
Est. Fed. de
Micronesia
Palikir
83%
SurinamParamaribo
83%
FranciaParís
83%
Ciudad del
Vaticano
Ciudad del
Vaticano
82%
GranadaSaint George
82%
Antigua y BarbudaSaint John's
82%
YemenSaná
82%
Costa RicaSan José
82%
San MarinoSan Marino
82%
El SalvadorSan Salvador
82%
ChileSantiago
82%
República
Dominicana
Santo Domingo
82%
Santo Tomé y
Príncipe
Santo Tomé
82%
Bosnia y
Herzegovina
Sarajevo
82%
SomaliaMogadiscio
81%
MónacoMónaco
81%
LiberiaMonrovia
81%
UruguayMontevideo
81%
ComorosMoroni
81%
RusiaMoscú
81%
BrasilBrasilia
79%
EslovaquiaBratislava
79%
Republica del
Congo
Brazzaville
79%
BarbadosBridgetown
79%
BélgicaBruselas
79%
BenínPorto Novo o
Cotonú
79%
AndorraAndorra
la Vieja
71%
TurquíaAnkara
71%
MadagascarAntananarivo
71%
BoliviaLa Paz o Sucre
70%
GeorgiaTiflis
70%
ButánTimbu
70%
AlbaniaTirana
70%
GuineaConakri
68%
DinamarcaCopenhague
68%
BielorrusiaMinsk
68%
SudáfricaPretoria,
Ciudad del Cabo,
o Bloemfontein
68%
SeychellesVictoria
68%
AustriaViena
68%
LaosVientián
68%
LituaniaVilna
68%
EgiptoEl Cairo
66%
CubaLa Habana
66%
BulgariaSofía
66%
ItaliaRoma
65%
DominicaRoseau
65%
AustraliaCanberra
63%
VenezuelaCaracas
63%
Santa LuciaCastries
63%
TogoLomé
63%
Reino UnidoLondres
63%
LiechtensteinVaduz
63%
PoloniaVarsovia
63%
MéxicoCiudad de
México
61%
Arabia SauditaRiad
59%
LetoniaRiga
59%
TaiwánTaipéi
59%
EstoniaTallin
59%
KiribatiTarawa Sur
59%
UzbekistánTaskent
59%
IrlandaDublin
57%
TayikistánDusambé
57%
AngolaLuanda
57%
ZambiaLusaka
57%
LuxemburgoLuxemburgo
57%
IslandiaReikiavik
57%
KazajistánAstaná
56%
IrakBagdad
56%
AzerbaiyánBakú
56%
MaliBamako
56%
BrunéiBandar Seri
Begawan
56%
TailandiaBangkok
56%
República
Centroafricana
Bangui
56%
GambiaBanjul
56%
San Cristobal
y Nieves
Basseterre
56%
ColombiaBogotá
56%
GuatemalaCiudad de
Guatemala
53%
FinlandiaHelsinki
53%
CroaciaZagreb
53%
ChinaPekín
52%
GreciaAtenas
51%
ChipreNicosia
48%
MontenegroPodgorica
48%
MauricioPort Louis
48%
Papúa Nueva
Guinea
Port Moresby
48%
VanuatuPort Vila
48%
IndiaNueva Delhi
45%
Corea del SurSeúl
45%
TurkmenistánAsjabad
43%
EritreaAsmara
43%
ParaguayAsunción
43%
UcraniaKiev
43%
RuandaKigali
43%
JamaicaKingston
43%
San Vincente y las
Grenadinas
Kingstown
43%
República
Democrática
del Congo
Kinsasa
43%
BirmaniaNaipyidó
42%
KeniaNairobi
42%
BahamasNasáu
42%
JapónTokio
42%
JordaniaAmán
41%
Países BajosÁmsterdam
41%
NoruegaOslo
41%
AfganistánKabul
40%
UgandaKampala
40%
NepalKatmandú
40%
PalaosNgerulmud
40%
República ChecaPraga
40%
Cabo VerdePraia
40%
KosovoPristina
40%
SueciaEstocolmo
39%
HondurasTegucigalpa
39%
IranTeherán
39%
Estados UnidosWashington D.C.
39%
BangladésDaca
38%
SenegalDakar
38%
SiriaDamasco
38%
NigerNiamey
38%
Corea del NortePionyang
37%
EcuadorQuito
37%
TanzaniaDodoma
35%
CatarDoha
35%
BurundiGitega
34%
MauritaniaNuakchot
33%
TongaNukualofa
33%
FiyiSuva
33%
CamboyaNom Pen
32%
ArgeliaArgel
31%
Guinea-BisaúBisáu
31%
KirguistánBiskek
31%
MarruecosRabat
31%
Trinidad y TobagoPuerto España
30%
HaitíPuerto Príncipe
30%
SingapurSingapur
29%
GuyanaGeorgetown
28%
MoldaviaChișinău
25%
ArmeniaEreván
25%
TúnezTúnez
25%
Macedonia del
Norte
Skopie
24%
Emirates Árabes
Unidos
Abu Dabi
23%
NigeriaAbuya
23%
Timor OrientalDili
22%
VietnamHanói
22%
ZimbabueHarare
22%
CanadáOttawa
22%
BotsuanaGaborone
20%
IsraelJerusalén
20%
MalasiaKuala Lumpur
19%
KuwaitKuwait
19%
IndonesiaYakarta
19%
ChadYamena
19%
Costa de MarfilYamusukro
19%
NauruYaren
19%
CamerúnYaundé
19%
SudánJartum
17%
Islas SalomónHoniara
14%
PakistánIslamabad
14%
EtiopíaAdís Abeba
12%
Nueva ZelandaWellington
12%
GhanaAcra
11%
TuvaluFunafuti
11%
LibiaTrípoli
10%
MongoliaUlán Bator
9%
SamoaApia
8%
Sierra LeonaFreetown
8%
Sri LankaSri
Jayawardenapura
Kotte
8%
YibutiYibuti
8%
Burkina FasoUagadugú
7%
NamibiaWindhoek
7%
Sudán del SurYuba
7%
SuazilandiaMbabane
3%

Distribución de puntuación

Porcentaje por número respondido

Porcentaje de gente con cada puntuación

Historial de tus puntuaciones

No has intentado esta prueba.